Advances in Combustion Science In Honor of Ya .B.Zeldovich / (Record no. 559975)

000 -LEADER
fixed length control field 00607nam a2200169Ia 4500
008 - FIXED-LENGTH DATA ELEMENTS--GENERAL INFORMATION
fixed length control field 210428s9999 xx 000 0 und d
020 ## - INTERNATIONAL STANDARD BOOK NUMBER
International Standard Book Number 1-56347-178-7
082 ## - DEWEY DECIMAL CLASSIFICATION NUMBER
Classification number 660.04
Author Mark A2442A
100 ## - MAIN ENTRY--PERSONAL NAME
Personal name Willam A.Sirignano
9 (RLIN) 52162
245 #0 - TITLE STATEMENT
Title Advances in Combustion Science In Honor of Ya .B.Zeldovich /
Statement of responsibility, etc. William A. Sirignano
260 ## - PUBLICATION, DISTRIBUTION, ETC.
Name of publisher, distributor, etc. American Institute of Aeronautics and astronautics 1993
Place of publication, distribution, etc. Washington DC
Date of publication, distribution, etc. 1997
300 ## - PHYSICAL DESCRIPTION
Extent 361p
440 ## - SERIES STATEMENT/ADDED ENTRY--TITLE
Title Progress in astronautics and aeronautics V-173
9 (RLIN) 127139
700 ## - ADDED ENTRY--PERSONAL NAME
Personal name Alexander G. Merzhanov
9 (RLIN) 127140
700 ## - ADDED ENTRY--PERSONAL NAME
Personal name Luigi De Luca
9 (RLIN) 52156
942 ## - ADDED ENTRY ELEMENTS (KOHA)
Koha item type Book
Source of classification or shelving scheme
Holdings
Withdrawn status Lost status Damaged status Not for loan Permanent Location Current Location Date acquired Total Checkouts Full call number Barcode Date last seen Price effective from Koha item type
        School of Chemical & Materials Engineering (SCME) School of Chemical & Materials Engineering (SCME)     541.361 A2442 A SCME-125 04/28/2021 04/28/2021 Book
© 2023 Central Library, National University of Sciences and Technology. All Rights Reserved.